000
00339nam a2200133Ia 4500
008
240624s9999 xx 000 0 und d
041
_a
eng
082
_a
658.8 KOT
100
_a
KOTABE MASAAKI
245
_a
GLOBAL MARKETING MANAGEMENT
250
_a
(5th ed.)
260
_c
2012
_a
New Delhi
_b
Wiley
300
_a
xxiii, : 717 : p. : cm. ; 27
999
_c
24130
_d
24130